000 00466nam a2200157 a 4500
001 000028159
005 20200930031411.0
008 110407s1988 dr c 000 0 spa d
040 _aDO-SdBNP
_bspa
_cBNPHU
082 _axxx
_bA742c
100 1 _aArnáiz, Francisco José
_96960
245 1 0 _aCardenal Octavio A. Beras Rojas /
_cFrancisco José Arnáiz.
260 _aSanto Domingo :
_bAmigo del Hogar,
_c1988.
300 _a27 p. :
_bretrs. ;
_c24 cm.
049 _aBNPD
999 _c27651
_d27651